| 000 | 00513nam a22001817a 4500 | ||
|---|---|---|---|
| 005 | 20251108172207.0 | ||
| 008 | 250721s1980 xx 000 0 ara d | ||
| 082 | 1 | 4 | _a636.3/نجي |
| 100 | 1 | _aغزال، نجيب توفيق | |
| 245 | 1 | 0 | _aإنتاج الأغنام و الصوف / |
| 264 | 1 |
_aالموصل : _bجامعة الموصل، _c1980. |
|
| 300 | _a400ص | ||
| 650 | 1 | 7 | _aالأغنام |
| 650 | 1 | 7 | _aالصوف |
| 700 | 1 | _aالصائغ، مظفر نافع | |
| 942 |
_2ddc _cBK |
||
| 999 |
_c72819 _d72819 |
||